[Event "Druga liga Srbije grupa Vojvod"]
[Site "Sombor"]
[Date "2009.09.29"]
[Round "4.1"]
[White "Somborski, Nebojsa"]
[Black "Balog, Imre"]
[Result "1/2-1/2"]
[WhiteElo "2379"]
[BlackElo "2464"]
[PlyCount "46"]
[EventDate "2009.09.27"]

1. e4 e6 2. d4 d5 3. Nd2 a6 4. Ngf3 c5 5. exd5 exd5 6. dxc5 Bxc5 7. Nb3 Bd6 8.
Bd3 Ne7 9. O-O h6 10. Nbd4 O-O 11. h3 Nbc6 12. c3 Bc7 13. Nxc6 bxc6 14. Be3 Ng6
15. Bc5 Re8 16. Bxg6 fxg6 17. Re1 Bf5 18. Rxe8+ Qxe8 19. Qa4 Rb8 20. Re1 Qc8
21. b4 Bd7 22. Qc2 Bf5 23. Qa4 Bd7 1/2-1/2

[Event "Druga liga Srbije grupa Vojvod"]
[Site "Sombor"]
[Date "2009.09.29"]
[Round "4.1"]
[White "Dekic, Josip"]
[Black "Bodiroga, Predrag"]
[Result "1/2-1/2"]
[WhiteElo "2323"]
[BlackElo "2410"]
[PlyCount "79"]
[EventDate "2009.09.27"]

1. e4 d5 2. exd5 Qxd5 3. Nc3 Qd6 4. d4 Nf6 5. Nf3 c6 6. Ne5 Nbd7 7. Nc4 Qc7 8.
Qf3 Nb6 9. h3 Be6 10. Bf4 Qd8 11. Nxb6 Qxb6 12. O-O-O g6 13. Be5 Bh6+ 14. Kb1
O-O 15. Bd3 Qa5 16. a3 Nd7 17. Rhe1 Rad8 18. Bg3 Bg7 19. Bf1 Rfe8 20. Bf4 Nf6
21. g4 Nd5 22. Nxd5 Qxd5 23. Qxd5 Bxd5 24. c4 Be6 25. Be3 a6 26. b3 Rd7 27. Rd2
Red8 28. Red1 f5 29. g5 f4 30. Bxf4 Bxd4 31. Bc7 Bf5+ 32. Ka2 Bc3 33. Rxd7 Rxd7
34. Rxd7 Bxd7 35. f4 Kf7 36. b4 Be6 37. Kb3 Be1 38. Ka4 Ke8 39. Ka5 Kd7 40. Be5
1/2-1/2

[Event "Druga liga Srbije grupa Vojvod"]
[Site "Sombor"]
[Date "2009.09.29"]
[Round "4.1"]
[White "Lalic, Dragan"]
[Black "Jotic, Vladimir"]
[Result "1/2-1/2"]
[WhiteElo "2353"]
[BlackElo "2323"]
[PlyCount "72"]
[EventDate "2009.09.27"]

1. Nf3 d5 2. c4 e6 3. g3 Nf6 4. b3 c6 5. Bg2 Bd6 6. Bb2 O-O 7. O-O Nbd7 8. d4
b6 9. Nbd2 Bb7 10. Re1 Ne4 11. Nxe4 dxe4 12. Ne5 f5 13. Nxd7 Qxd7 14. e3 Qe7
15. Qc2 e5 16. dxe5 Bxe5 17. Bxe5 Qxe5 18. Rad1 Rad8 19. Rxd8 Rxd8 20. Rd1 Rd6
21. Qe2 c5 22. Rd2 Bc6 23. Qd1 Rxd2 24. Qxd2 Qf6 25. Bf1 a5 26. a3 Kf7 27. b4
axb4 28. axb4 cxb4 29. Qxb4 Bd7 30. Qd2 Qc6 31. Qd4 Be6 32. h4 Qc5 33. Qd8 Bxc4
34. Qd7+ Kf6 35. Qd8+ Kf7 36. Bxc4+ Qxc4 1/2-1/2

[Event "Druga liga Srbije grupa Vojvod"]
[Site "Sombor"]
[Date "2009.09.29"]
[Round "4.1"]
[White "Strangar, Zlatko"]
[Black "Damjanovic, Dragan"]
[Result "0-1"]
[WhiteElo "2192"]
[BlackElo "2255"]
[PlyCount "130"]
[EventDate "2009.09.27"]

1. e4 c5 2. Nc3 Nc6 3. Nge2 e6 4. d4 cxd4 5. Nxd4 Qc7 6. Be2 a6 7. O-O Nf6 8.
Be3 Bb4 9. Na4 Be7 10. Nxc6 bxc6 11. Nb6 Rb8 12. Nxc8 Qxc8 13. c4 Nxe4 14. Qd4
Nf6 15. Bf4 c5 16. Qd2 d6 17. Bf3 O-O 18. Rad1 Rd8 19. b3 Qc7 20. Rfe1 Ne8 21.
Re2 Bf6 22. Qe1 Bd4 23. Bd2 Rdc8 24. Ba5 Qa7 25. Qd2 Nf6 26. Bc3 e5 27. Ba5 Qd7
28. Qd3 g6 29. g3 Kg7 30. Bg2 Ne8 31. Bc3 Nc7 32. Rde1 Re8 33. Ba5 Ne6 34. Bd5
f5 35. Bxe6 Rxe6 36. Bc3 Rbe8 37. Qf3 Kf7 38. Bd2 e4 39. Qf4 Be5 40. Qh4 h5 41.
Be3 Bf6 42. Bg5 Bd4 43. Qf4 Kg8 44. Qd2 Qg7 45. Bh6 Qh8 46. Qc1 Kh7 47. Be3 Qf6
48. Rd1 Be5 49. Bg5 Qg7 50. Bf4 Bd4 51. Be3 a5 52. Qd2 Bc3 53. Qd5 h4 54. Kg2
Qe5 55. Bf4 Qf6 56. gxh4 Qxh4 57. Re3 Qxf4 58. Rxc3 e3 59. Rxe3 Rxe3 60. fxe3
Qxe3 61. Qxd6 Qe2+ 62. Kg1 Qg4+ 63. Kf1 Qf3+ 64. Kg1 Re4 65. h3 Re2 0-1

[Event "Druga liga Srbije grupa Vojvod"]
[Site "Sombor"]
[Date "2009.09.29"]
[Round "4.1"]
[White "Strbac, Mladen"]
[Black "Ivanovic, Miroslav"]
[Result "1/2-1/2"]
[WhiteElo "2259"]
[BlackElo "2180"]
[PlyCount "90"]
[EventDate "2009.09.27"]

1. e4 c5 2. Nf3 d6 3. d4 Nf6 4. Nc3 cxd4 5. Nxd4 a6 6. Be3 e5 7. Nb3 Be7 8. f4
exf4 9. Bxf4 Nc6 10. h3 Be6 11. Qe2 Ne5 12. O-O-O Qc7 13. Nd4 Rc8 14. Nf5 Bxf5
15. exf5 Qa5 16. Qe1 Qc7 17. g4 O-O 18. Qe2 Rfe8 19. Bxe5 dxe5 20. Bg2 e4 21.
Kb1 Bb4 22. Nd5 Nxd5 23. Rxd5 Qb6 24. Ka1 Qf6 25. Kb1 Qb6 26. Ka1 e3 27. Rd7
Rc7 28. Rxc7 Qxc7 29. c3 Bd6 30. Rd1 Bf4 31. Bf1 Bg5 32. Bg2 b5 33. a3 Qb6 34.
Rd5 h6 35. Ka2 Rb8 36. Bf1 Kh7 37. Qd3 Rb7 38. Rd6 Qa7 39. Rd5 Rc7 40. Be2 Bf6
41. Bf1 Re7 42. Qe2 Qc7 43. Rd1 Re5 44. Rd3 Qc4+ 45. Kb1 Qc5 1/2-1/2

[Event "Druga liga Srbije grupa Vojvod"]
[Site "Sombor"]
[Date "2009.09.29"]
[Round "4.2"]
[White "Velickovic, Sasa"]
[Black "Svetushkin, Dmitry"]
[Result "0-1"]
[WhiteElo "2420"]
[BlackElo "2570"]
[PlyCount "120"]
[EventDate "2009.09.27"]

1. e4 e5 2. Nf3 Nc6 3. Bb5 a6 4. Ba4 Nf6 5. Qe2 Be7 6. Bxc6 dxc6 7. d3 Nd7 8.
Nbd2 O-O 9. Nc4 Bf6 10. Bd2 Re8 11. h3 c5 12. Ne3 Nb8 13. Nh2 Nc6 14. c3 Be6
15. O-O Qd7 16. Rfd1 Rad8 17. Be1 g6 18. f3 Qe7 19. Bf2 Bg7 20. Nc2 Rd7 21. Ne1
b6 22. Nf1 a5 23. Qc2 Qd8 24. Ne3 Qa8 25. a4 f5 26. b3 f4 27. Nc4 g5 28. Qe2 h5
29. Ra2 Bf6 30. Rad2 Rg7 31. Kf1 Qc8 32. Bg1 Kh8 33. d4 exd4 34. cxd4 Bxd4 35.
Nc2 Bf6 36. Qe1 g4 37. hxg4 hxg4 38. Rd5 Bxd5 39. Rxd5 gxf3 40. Rh5+ Kg8 41.
gxf3 Ne5 42. Qe2 Nxc4 43. bxc4 Re5 44. Rh6 Reg5 45. Bf2 R7g6 46. Rh1 Qd7 47.
Ne1 Bd4 48. Qd3 Qg7 49. Qd2 Qf7 50. Qd3 Rd6 51. e5 Bxe5 52. Qe2 Bd4 53. Nd3
Bxf2 54. Nxf2 Rd4 55. Ne4 Rg6 56. Kf2 Rd8 57. Nc3 Qg7 58. Qe4 Qd4+ 59. Qxd4
Rxd4 60. Nd5 Rd2+ 0-1

[Event "Druga liga Srbije grupa Vojvod"]
[Site "Sombor"]
[Date "2009.09.29"]
[Round "4.2"]
[White "Djuric, Stefan"]
[Black "Andrijevic, Milan"]
[Result "0-1"]
[WhiteElo "2414"]
[BlackElo "2377"]
[PlyCount "100"]
[EventDate "2009.09.27"]

1. e4 c5 2. Nf3 Nc6 3. c3 d5 4. e5 Bg4 5. Bb5 Qc7 6. d4 cxd4 7. cxd4 Bxf3 8.
Qxf3 e6 9. O-O a6 10. Bxc6+ Qxc6 11. Nc3 Ne7 12. Rd1 Nf5 13. Bf4 Be7 14. Rac1
O-O 15. Qe2 Qd7 16. Rd3 Rfc8 17. Rcd1 b5 18. Rh3 h6 19. g4 Nh4 20. a3 Rc4 21.
Be3 b4 22. axb4 Rxb4 23. Ra1 a5 24. f4 Rab8 25. Nd1 Qb5 26. Qf2 g5 27. f5 a4
28. f6 Bf8 29. Qd2 Ng6 30. Rf3 Qc6 31. Bf2 Rb3 32. Rc3 Rxc3 33. Qxc3 Qa6 34.
Qc2 Rc8 35. Nc3 a3 36. bxa3 Qc4 37. a4 Nf4 38. a5 Nh3+ 39. Kg2 Nxf2 40. Ra4 Bb4
41. Qxf2 Qxc3 42. a6 Ra8 43. a7 Ba5 44. Ra2 Rxa7 45. Rc2 Qd3 46. Rc8+ Kh7 47.
h4 gxh4 48. Qxh4 Qe2+ 49. Kh3 Bd2 50. Qg3 Ra1 0-1

[Event "Druga liga Srbije grupa Vojvod"]
[Site "Sombor"]
[Date "2009.09.29"]
[Round "4.2"]
[White "Popovic, Milos T"]
[Black "Nestorovic, Nikola"]
[Result "0-1"]
[WhiteElo "2401"]
[BlackElo "2412"]
[PlyCount "132"]
[EventDate "2009.09.27"]

1. Nf3 d5 2. d4 Nf6 3. Bf4 c5 4. e3 Nc6 5. c3 g6 6. Nbd2 Bg7 7. h3 O-O 8. Be2
Qb6 9. Qb3 c4 10. Qc2 Bf5 11. Qc1 Qa5 12. O-O b5 13. a3 Qb6 14. Ne5 Na5 15. Bf3
Ne4 16. Bxe4 dxe4 17. Qc2 f6 18. Ng4 g5 19. Bg3 h5 20. Nh2 h4 21. Bxh4 gxh4 22.
f3 Nb3 23. Nxb3 cxb3 24. Qxb3+ Be6 25. Qc2 Bc4 26. Rfe1 Bd3 27. Qf2 f5 28. Qxh4
Qf6 29. Qf2 a5 30. f4 b4 31. axb4 axb4 32. cxb4 Rxa1 33. Rxa1 Rc8 34. g4 Rc2
35. Qg3 Qc6 36. gxf5 Rc1+ 37. Rxc1 Qxc1+ 38. Kg2 Qxb2+ 39. Kg1 Qxb4 40. Ng4
Qb1+ 41. Kh2 Kf8 42. Ne5 Bxe5 43. dxe5 Qc2+ 44. Kg1 Qd1+ 45. Kh2 Qe2+ 46. Kg1
Qf1+ 47. Kh2 Qe2+ 48. Kg1 Bc4 49. e6 Qf1+ 50. Kh2 Qe2+ 51. Kg1 Qf3 52. Qxf3
exf3 53. Kf2 Bd5 54. h4 Kg7 55. h5 Be4 56. h6+ Kxh6 57. f6 exf6 58. e7 Bc6 59.
e4 Kg7 60. Kxf3 Kf7 61. Ke3 Kxe7 62. Kd4 Ke6 63. Ke3 Ba4 64. Kd4 Bc2 65. Ke3
Kd7 66. Kd4 Kc6 0-1

[Event "Druga liga Srbije grupa Vojvod"]
[Site "Sombor"]
[Date "2009.09.29"]
[Round "4.2"]
[White "Kosanovic, Goran A"]
[Black "Radlovacki, Jovan"]
[Result "1-0"]
[WhiteElo "2371"]
[BlackElo "2379"]
[PlyCount "63"]
[EventDate "2009.09.27"]

1. d4 Nf6 2. Bg5 e6 3. e4 h6 4. Bxf6 Qxf6 5. Nc3 Bb4 6. Qd2 Nc6 7. e5 Qe7 8. a3
Bxc3 9. Qxc3 b6 10. g3 Bb7 11. Bg2 O-O-O 12. Nf3 f6 13. O-O-O Rhf8 14. Rd2 Kb8
15. Rhd1 g5 16. exf6 Rxf6 17. h4 Qf8 18. hxg5 hxg5 19. Nxg5 Rxf2 20. Nxe6 dxe6
21. Bxc6 Bxc6 22. Qxc6 Qh6 23. c3 Rg8 24. d5 Rxd2 25. Rxd2 Qh1+ 26. Rd1 Qh6+
27. Rd2 Qh1+ 28. Kc2 Qe4+ 29. Kb3 Qe3 30. d6 cxd6 31. Qxd6+ Ka8 32. Qc6+ 1-0

[Event "Druga liga Srbije grupa Vojvod"]
[Site "Sombor"]
[Date "2009.09.29"]
[Round "4.2"]
[White "Kostic, Vladimir V"]
[Black "Klasan, Vladimir"]
[Result "0-1"]
[WhiteElo "2296"]
[BlackElo "2320"]
[PlyCount "92"]
[EventDate "2009.09.27"]

1. c4 Nf6 2. g3 c5 3. Bg2 d5 4. cxd5 Nxd5 5. Nc3 Nc7 6. d3 e5 7. Be3 Be7 8. Rc1
Ne6 9. Qa4+ Bd7 10. Qb3 Nc6 11. Nf3 O-O 12. O-O b6 13. a3 Rc8 14. Qa2 Nc7 15.
Nd5 Be6 16. Nxe7+ Qxe7 17. Qb1 Nd5 18. Bd2 f6 19. Rfe1 a5 20. h4 Qd7 21. Qc2
Nd4 22. Nxd4 exd4 23. e4 dxe3 24. Bxe3 Rcd8 25. Kh2 Rfe8 26. f4 Bf7 27. Bf2 Ne7
28. b4 axb4 29. axb4 cxb4 30. Bxb6 Rc8 31. Qb2 Rxc1 32. Rxc1 b3 33. d4 Nd5 34.
Ba5 Qg4 35. Re1 Rxe1 36. Bxe1 Qd1 37. Bc3 Nxc3 38. Qxc3 Qc2 39. Qa5 g6 40. g4
b2 41. g5 fxg5 42. hxg5 Qf5 43. Qd8+ Kg7 44. Qf6+ Qxf6 45. gxf6+ Kxf6 46. Be4
Ba2 0-1

[Event "Druga liga Srbije grupa Vojvod"]
[Site "Sombor"]
[Date "2009.09.29"]
[Round "4.2"]
[White "Nestorovic, Lazar"]
[Black "Orlov, Konstantin"]
[Result "1-0"]
[WhiteElo "2259"]
[BlackElo "2267"]
[PlyCount "67"]
[EventDate "2009.09.27"]

1. e4 c5 2. Nf3 e6 3. d4 cxd4 4. Nxd4 Nf6 5. Nc3 d6 6. Be3 Be7 7. f3 O-O 8. Qd2
a6 9. O-O-O b5 10. g4 Bb7 11. g5 Nh5 12. h4 Nc6 13. Nxc6 Bxc6 14. Bh3 b4 15.
Ne2 Qa5 16. Kb1 d5 17. Bg4 g6 18. Bxh5 gxh5 19. Nd4 Rfc8 20. e5 Bc5 21. f4 Bxd4
22. Bxd4 Ba4 23. b3 Be8 24. f5 Rc6 25. f6 Rac8 26. Rc1 Rc3 27. Qd1 Bb5 28. Qxh5
Rxc2 29. Rxc2 Rxc2 30. a4 Bd3 31. Qh6 Rh2+ 32. Ka1 Rxh1+ 33. Ka2 Rh2+ 34. Bb2
1-0

[Event "Druga liga Srbije grupa Vojvod"]
[Site "Sombor"]
[Date "2009.09.29"]
[Round "4.3"]
[White "Jesenski, Tibor"]
[Black "Galyas, Miklos"]
[Result "1/2-1/2"]
[WhiteElo "2289"]
[BlackElo "2464"]
[PlyCount "115"]
[EventDate "2009.09.27"]

1. d4 d5 2. c4 c6 3. cxd5 cxd5 4. Nc3 Nf6 5. Nf3 Nc6 6. Bf4 Nh5 7. Bc1 e6 8. e3
Bd6 9. Bd3 f5 10. Ne5 g6 11. Nxc6 bxc6 12. Be2 Nf6 13. O-O O-O 14. Bd2 Ne4 15.
Nxe4 fxe4 16. Rc1 Bd7 17. f3 exf3 18. Rxf3 Rxf3 19. Bxf3 Qb8 20. g3 Qxb2 21.
Qc2 Qxc2 22. Rxc2 Rb8 23. Bc3 Rb1+ 24. Kf2 Kf7 25. Rb2 Rxb2+ 26. Bxb2 Ke7 27.
Bc3 c5 28. h4 Bb5 29. Bd1 Bd3 30. g4 c4 31. a4 Bb1 32. a5 Ba2 33. Ba4 Bb3 34.
Bc6 Bc2 35. Kg2 Be4+ 36. Kf2 Kd8 37. Bb5 Kc7 38. Ba4 h6 39. Bb5 Be7 40. Kg3 Bc2
41. Be8 Bd6+ 42. Kf2 Kd8 43. Bc6 Bd3 44. Kf3 Be4+ 45. Kf2 Bc2 46. Kg2 Bd1 47.
e4 Bc2 48. e5 Ba3 49. Bb5 Be7 50. Kg3 Kc7 51. Be8 g5 52. h5 Bh7 53. Bb5 Bg8 54.
Be8 Kb7 55. Bd7 Bf7 56. Kf3 Ba3 57. Ke2 a6 58. Kd2 1/2-1/2

[Event "Druga liga Srbije grupa Vojvod"]
[Site "Sombor"]
[Date "2009.09.29"]
[Round "4.3"]
[White "Vlahovic, Bogdan"]
[Black "Pavlik, Goran"]
[Result "1-0"]
[WhiteElo "2368"]
[BlackElo "2202"]
[PlyCount "109"]
[EventDate "2009.09.27"]

1. Nf3 Nf6 2. c4 e6 3. b3 d5 4. Bb2 Be7 5. g3 O-O 6. Bg2 a5 7. O-O a4 8. Na3 b6
9. d3 Bb7 10. Qb1 Nc6 11. Rc1 Re8 12. Nc2 axb3 13. axb3 Rxa1 14. Bxa1 Nd7 15.
b4 Bf6 16. Nd2 Bxa1 17. Qxa1 Nf6 18. Nb3 Qe7 19. c5 Ra8 20. Qc3 b5 21. Ncd4
Nxd4 22. Nxd4 c6 23. Ra1 Qe8 24. Nb3 Rxa1+ 25. Qxa1 Qa8 26. Qe5 Qd8 27. Na5 Ba8
28. e4 dxe4 29. Bxe4 Nd5 30. Bxd5 exd5 31. f4 Kf8 32. Kf2 Qe7 33. Qb8+ Qe8 34.
Qa7 Qc8 35. Nb3 Bb7 36. Nd4 g6 37. Qa1 f6 38. Qe1 Kf7 39. h4 Qe8 40. Qd2 Bc8
41. Qa2 Bd7 42. Qa7 Qc8 43. Ke3 Kg8 44. Kd2 Kh8 45. Kc3 h5 46. Qa1 Qe8 47. Kd2
Kg8 48. Nc2 Kf7 49. Ne3 Qe6 50. f5 gxf5 51. Qf1 Kg6 52. Ng2 Kh6 53. Nf4 Qf7 54.
Qa1 Qg7 55. Qa8 1-0

[Event "Druga liga Srbije grupa Vojvod"]
[Site "Sombor"]
[Date "2009.09.29"]
[Round "4.3"]
[White "Tancik, Kristijan"]
[Black "Vlatkovic, Milos"]
[Result "1-0"]
[WhiteElo "2251"]
[BlackElo "2302"]
[PlyCount "109"]
[EventDate "2009.09.27"]

1. d4 Nf6 2. c4 e6 3. Nc3 Bb4 4. Qc2 Nc6 5. Nf3 d6 6. Bd2 O-O 7. a3 Bxc3 8.
Bxc3 Qe7 9. e4 e5 10. d5 Nb8 11. Be2 Nh5 12. g3 f5 13. Nh4 Nf4 14. Nxf5 Bxf5
15. gxf4 Bh3 16. f5 Qh4 17. Rg1 Nd7 18. Qd3 Nf6 19. Qg3 Qh6 20. f3 Rf7 21. Bd2
Qh5 22. f4 Qh6 23. Bf3 Nxe4 24. Bxe4 exf4 25. Bxf4 Qh5 26. Kd2 Bxf5 27. Rae1
Bxe4 28. Rxe4 Raf8 29. Rge1 h6 30. Re7 Qf5 31. Rxf7 Qxf7 32. Be3 Qh5 33. Rg1
Rf7 34. Bd4 g5 35. Rg2 Qg6 36. Qd3 Kh7 37. Bxa7 b6 38. Qxg6+ Kxg6 39. Bb8 Kh5
40. a4 Kh4 41. Ke1 Kh3 42. Re2 g4 43. b4 h5 44. a5 bxa5 45. bxa5 Rf4 46. Bxc7
Rxc4 47. Bxd6 Rd4 48. Rd2 Re4+ 49. Kd1 h4 50. Bc5 Re7 51. d6 Rd7 52. a6 g3 53.
hxg3 Rg7 54. a7 Rg8 55. d7 1-0

[Event "Druga liga Srbije grupa Vojvod"]
[Site "Sombor"]
[Date "2009.09.29"]
[Round "4.3"]
[White "Mijatovic, Dejan"]
[Black "Pletl, Akos"]
[Result "1/2-1/2"]
[WhiteElo "2283"]
[BlackElo "2219"]
[PlyCount "111"]
[EventDate "2009.09.27"]

1. d4 d5 2. Nf3 c6 3. e3 Bf5 4. Nbd2 e6 5. g3 h6 6. Bg2 Nf6 7. O-O Nbd7 8. b3
Be7 9. Bb2 O-O 10. Ne5 Rc8 11. a3 c5 12. Rc1 b5 13. Nxd7 Qxd7 14. dxc5 Rxc5 15.
Bd4 Rc7 16. b4 Rfc8 17. c3 a5 18. Nb3 a4 19. Nc5 Qe8 20. f4 Bxc5 21. Bxc5 Be4
22. Bh3 Nd7 23. Bd4 f6 24. Qe2 Rb8 25. Bg4 Rc6 26. Rf2 Qg6 27. f5 exf5 28. Bh3
Ne5 29. Rcf1 Bd3 30. Qd1 Bxf1 31. Bxf5 Qe8 32. Rxf1 Nc4 33. Qf3 Rd8 34. Ra1 Nd2
35. Qf4 Nb3 36. Re1 Nxd4 37. cxd4 Rc3 38. e4 Rxa3 39. e5 fxe5 40. dxe5 Rc3 41.
e6 Rc4 42. Qe5 Qe7 43. Bd3 Rf8 44. Bxc4 dxc4 45. Qxb5 Qf6 46. Qc5 Qc3 47. Rf1
Rxf1+ 48. Kxf1 Qf6+ 49. Kg2 Qxe6 50. b5 c3 51. b6 Qe4+ 52. Kh3 c2 53. Qc8+ Kh7
54. b7 Qxb7 55. Qxc2+ g6 56. Qxa4 1/2-1/2

[Event "Druga liga Srbije grupa Vojvod"]
[Site "Sombor"]
[Date "2009.09.29"]
[Round "4.3"]
[White "Gabric, Goran"]
[Black "Sevo, Dusan"]
[Result "0-1"]
[WhiteElo "2116"]
[BlackElo "2268"]
[PlyCount "92"]
[EventDate "2009.09.27"]

1. e4 e6 2. d4 d5 3. Nc3 Bb4 4. e5 c5 5. a3 Bxc3+ 6. bxc3 Qa5 7. Bd2 Ne7 8. Nf3
Nbc6 9. Bd3 Bd7 10. h4 f6 11. Rb1 c4 12. Be2 O-O-O 13. O-O fxe5 14. dxe5 h6 15.
h5 g6 16. Re1 Rdg8 17. Nd4 Nd8 18. Bg4 gxh5 19. Bh3 Rg6 20. Qxh5 Rhg8 21. Qh4
R8g7 22. Qf4 Rf7 23. Qh4 a6 24. f4 Qc5 25. Kh1 Nf5 26. Bxf5 exf5 27. Qh5 Rfg7
28. Nxf5 Qf2 29. Re2 Qxe2 30. Nd6+ Rxd6 31. Qxe2 Rdg6 32. Rg1 Bf5 33. Qf3 Rg4
34. Re1 Be4 35. Rxe4 dxe4 36. Qxe4 Nc6 37. Qxc4 Rxg2 38. Qe6+ Kc7 39. Be3 R2g6
40. Qh3 Rg3 41. Qxh6 R3g6 42. Qh3 Rg3 43. Qh8 Ne7 44. Qh6 R3g6 45. Qh3 Nf5 46.
Kh2 Rh6 0-1

[Event "Druga liga Srbije grupa Vojvod"]
[Site "Sombor"]
[Date "2009.09.29"]
[Round "4.3"]
[White "Levnajic, Pavle"]
[Black "Cabarkapa, Novak"]
[Result "0-1"]
[WhiteElo "2245"]
[BlackElo "2033"]
[PlyCount "58"]
[EventDate "2009.09.27"]

1. d4 Nf6 2. Nf3 g6 3. Nc3 Bg7 4. e4 d6 5. h3 O-O 6. Bg5 c6 7. Qd2 b5 8. Bd3 a6
9. O-O Nbd7 10. Rfe1 e5 11. Bf1 b4 12. Na4 Qa5 13. b3 Bb7 14. a3 exd4 15. axb4
Qc7 16. Bf4 c5 17. bxc5 Nxc5 18. Nxc5 Qxc5 19. Ra5 Qb6 20. Bd3 Rfe8 21. e5 Nh5
22. Bh2 Bxf3 23. gxf3 Bh6 24. f4 Nxf4 25. Rxa6 Nxd3 26. Rxb6 Bxd2 27. Re2 Nf4
28. Bxf4 Bxf4 29. Rxd6 Bxe5 0-1

[Event "Druga liga Srbije grupa Vojvod"]
[Site "Sombor"]
[Date "2009.09.29"]
[Round "4.4"]
[White "Elez, Nikola"]
[Black "Mozetic, Dejan"]
[Result "0-1"]
[WhiteElo "2179"]
[BlackElo "2421"]
[PlyCount "140"]
[EventDate "2009.09.27"]

1. e4 g6 2. d4 Bg7 3. Nf3 d6 4. Bc4 e6 5. Nc3 a6 6. a4 b6 7. h4 h6 8. Bf4 Bb7
9. Qd2 Nd7 10. d5 e5 11. Be3 f5 12. exf5 gxf5 13. Qe2 Ne7 14. g3 Nf6 15. O-O-O
Qd7 16. h5 c6 17. dxc6 Qxc6 18. Nb5 Qxf3 19. Nxd6+ Kf8 20. Qd3 Rd8 21. Qa3 Bd5
22. Bxa6 Ne8 23. Nc8 Rxc8 24. Bxc8 Kf7 25. Ba6 Nc7 26. Bb5 Ra8 27. Bd7 Rd8 28.
Qd6 Bc6 29. Be8+ Rxe8 30. Qxc7 Qe2 31. Rhe1 Qc4 32. Qxb6 Rc8 33. Qc5 Qxa4 34.
Qa3 Qxa3 35. bxa3 Be4 36. Rd2 Bf8 37. g4 Nd5 38. Kb2 Rb8+ 39. Ka1 Bxa3 40. Rb1
Bb4 41. Bxh6 Bc3+ 42. Ka2 Rxb1 43. Kxb1 Bxd2 44. Bxd2 fxg4 45. Kb2 Nf6 46. h6
Bd5 47. Bg5 Ne4 48. Be3 Kg6 49. Kc1 Nd6 50. Kd1 Nf5 51. Bb6 Nxh6 52. Ke2 Nf5
53. Bc7 Kf6 54. Kd3 Ke6 55. c4 Bb7 56. Bb8 Nd6 57. c5 Ne4 58. Ke3 Nxc5 59. Bc7
Nd7 60. Bd8 Kf5 61. Bc7 Nf6 62. Bb8 Nd5+ 63. Ke2 Ba6+ 64. Ke1 Ke4 65. Bd6 Nf4
66. Bb8 Kf3 67. Ba7 Nd3+ 68. Kf1 Nxf2+ 69. Kg1 Nh3+ 70. Kh1 Bf1 0-1

[Event "Druga liga Srbije grupa Vojvod"]
[Site "Sombor"]
[Date "2009.09.29"]
[Round "4.4"]
[White "Miranovic, Rajko"]
[Black "Indjic, Aleksandar"]
[Result "1-0"]
[WhiteElo "2385"]
[BlackElo "2119"]
[PlyCount "93"]
[EventDate "2009.09.27"]

1. e4 d6 2. d4 Nf6 3. Nc3 e5 4. Nf3 Nbd7 5. Bc4 Be7 6. O-O O-O 7. a4 c6 8. Ba2
b6 9. Re1 Bb7 10. d5 cxd5 11. Nxd5 Nxd5 12. Bxd5 Bxd5 13. Qxd5 Nf6 14. Qb3 h6
15. Bd2 Qc7 16. Nh4 Rfd8 17. Nf5 Bf8 18. Qg3 Kh7 19. Qh4 Ng8 20. c3 g6 21. Ne3
Qe7 22. Qh3 Nf6 23. Qf3 Bg7 24. c4 Rac8 25. b3 a6 26. Bb4 Qb7 27. Nd5 Nxd5 28.
cxd5 Bf8 29. Rac1 Kg8 30. Qd3 Rxc1 31. Rxc1 Rc8 32. Rc3 Be7 33. Qc2 Rxc3 34.
Qxc3 Kf8 35. g3 Ke8 36. Kg2 Kd7 37. Qf3 Ke8 38. Bd2 h5 39. Qc3 Kd7 40. Be3 Bd8
41. f4 Qc8 42. Qd3 f6 43. h4 Kc7 44. Qc4+ Kb7 45. Qxc8+ Kxc8 46. f5 g5 47. g4
1-0

[Event "Druga liga Srbije grupa Vojvod"]
[Site "Sombor"]
[Date "2009.09.29"]
[Round "4.4"]
[White "Pezelj, Sinisa"]
[Black "Radonjanin, Vlastimir"]
[Result "1-0"]
[WhiteElo "2057"]
[BlackElo "2289"]
[PlyCount "68"]
[EventDate "2009.09.27"]

1. Nf3 d5 2. c4 e6 3. d4 c6 4. Nc3 dxc4 5. e4 b5 6. a4 Bb4 7. Bd2 Qe7 8. axb5
Bxc3 9. Bxc3 cxb5 10. d5 Nf6 11. d6 Qd8 12. e5 Nd5 13. Ba5 Qd7 14. Nd4 a6 15.
Qg4 O-O 16. Bd2 f5 17. Qg5 Bb7 18. Ra3 Nc6 19. Nxc6 Bxc6 20. Be2 Qd8 21. Qh5
Be8 22. Qh3 Qb6 23. Rg3 Ra7 24. Qh4 f4 25. Rh3 Bg6 26. Bg4 Re8 27. Bh5 Qd4 28.
Bxg6 Qxe5+ 29. Re3 Qxd6 30. Qxh7+ Kf8 31. Qh8+ Ke7 32. Qxg7+ Kd8 33. Qxa7 fxe3
34. Ba5+ Kc8 1-0

[Event "Druga liga Srbije grupa Vojvod"]
[Site "Sombor"]
[Date "2009.09.29"]
[Round "4.4"]
[White "Bokan, Danko"]
[Black "Subotic, Srbislav"]
[Result "1/2-1/2"]
[WhiteElo "2287"]
[BlackElo "2105"]
[PlyCount "118"]
[EventDate "2009.09.27"]

1. e4 d5 2. exd5 Nf6 3. d4 Nxd5 4. c4 Nf6 5. Nf3 c6 6. h3 Bf5 7. Be2 e6 8. O-O
Bd6 9. Nc3 O-O 10. Nh4 Bg6 11. Nxg6 hxg6 12. Bf3 Nbd7 13. Be3 Rc8 14. Qb3 b6
15. Rad1 Re8 16. d5 exd5 17. cxd5 Rxe3 18. fxe3 Qe7 19. dxc6 Qxe3+ 20. Kh1 Nc5
21. Qc4 Qe5 22. Rxd6 Qxd6 23. Nb5 Qe7 24. b4 Nce4 25. Bxe4 Nxe4 26. Rf4 Nd2 27.
Qxf7+ Qxf7 28. Rxf7 Rxc6 29. Rxa7 Rc1+ 30. Kh2 Rb1 31. a3 Rb2 32. Kg3 Nf1+ 33.
Kf3 Nh2+ 34. Kg3 Nf1+ 35. Kf3 Nh2+ 36. Kf4 Rxg2 37. Rb7 Nf1 38. Rxb6 Rg3 39. h4
Rh3 40. Nd6 Rxa3 41. Rb8+ Kh7 42. Nf7 g5+ 43. hxg5 g6 44. Rb7 Ne3 45. Nh6+ Kh8
46. b5 Nc4 47. b6 Ra4 48. Rb8+ Kh7 49. Rb7+ Kh8 50. Rb8+ Kh7 51. b7 Rb4 52. Ng4
Na5+ 53. Kf3 Kg7 54. Nf6 Kf7 55. Ne4 Ke7 56. Nc5 Rb5 57. Ke3 Rb4 58. Kf3 Rb5
59. Ke4 Nc6 1/2-1/2

[Event "Druga liga Srbije grupa Vojvod"]
[Site "Sombor"]
[Date "2009.09.29"]
[Round "4.4"]
[White "Cecaric, Milan"]
[Black "Jovic, Stevan"]
[Result "0-1"]
[WhiteElo "1945"]
[BlackElo "2284"]
[PlyCount "58"]
[EventDate "2009.09.27"]

1. e4 c6 2. Nc3 d5 3. exd5 cxd5 4. d4 Nf6 5. Bb5+ Nc6 6. Nf3 Bf5 7. O-O e6 8.
Ne5 Qb6 9. Qe2 Bb4 10. Na4 Qc7 11. Bf4 Bd6 12. Nxc6 bxc6 13. Bxd6 Qxd6 14. Bd3
Bxd3 15. Qxd3 O-O 16. Nc5 Ng4 17. g3 e5 18. f3 Nh6 19. c3 f5 20. b4 e4 21. Qa6
f4 22. fxe4 fxg3 23. h3 dxe4 24. Qc4+ Qd5 25. Qe2 Rxf1+ 26. Rxf1 Re8 27. a4 Nf5
28. Rf4 e3 29. c4 Nxd4 0-1

[Event "Druga liga Srbije grupa Vojvod"]
[Site "Sombor"]
[Date "2009.09.29"]
[Round "4.6"]
[White "Toth, Aleksandar"]
[Black "Vujadinovic, Goran"]
[Result "0-1"]
[WhiteElo "2307"]
[BlackElo "2367"]
[PlyCount "94"]
[EventDate "2009.09.27"]

1. e4 d6 2. d4 g6 3. Nc3 Bg7 4. Nf3 Nf6 5. h3 O-O 6. Be3 c6 7. Qd2 b5 8. Bd3
Qc7 9. O-O Nbd7 10. a4 b4 11. Ne2 c5 12. c3 c4 13. Bb1 b3 14. Ng3 e5 15. Bh6 a5
16. Bxg7 Kxg7 17. Nh4 Bb7 18. f4 Rae8 19. Re1 Qb6 20. Kh2 Kh8 21. Nf3 Re7 22.
f5 Rfe8 23. Qh6 Ng8 24. Qd2 Kg7 25. Rf1 Ndf6 26. Qf2 Kh8 27. Qd2 Nd7 28. Qc1 f6
29. fxg6 hxg6 30. Qd2 Rh7 31. Kh1 Nf8 32. Qe2 Ne6 33. Rd1 Nf4 34. Qf1 Bc8 35.
Nh2 Qc7 36. Ne2 g5 37. Kg1 Nh6 38. g4 Nf7 39. Nxf4 gxf4 40. Nf3 Ng5 41. Nxg5
fxg5 42. Qf3 Rh4 43. Bd3 cxd3 44. Rxd3 Ba6 45. Rd2 Qh7 46. Kg2 d5 47. Re1 Bb7
0-1

[Event "Druga liga Srbije grupa Vojvod"]
[Site "Sombor"]
[Date "2009.09.29"]
[Round "4.6"]
[White "Stanojevic, Branko"]
[Black "Munizaba, Slobodan"]
[Result "1/2-1/2"]
[WhiteElo "2285"]
[BlackElo "2339"]
[PlyCount "22"]
[EventDate "2009.09.27"]

1. Nf3 d5 2. g3 Nf6 3. Bg2 g6 4. b3 Bg7 5. Bb2 O-O 6. c4 dxc4 7. bxc4 c5 8. O-O
Nc6 9. d3 Qc7 10. Nc3 Rd8 11. h3 a6 1/2-1/2

[Event "Druga liga Srbije grupa Vojvod"]
[Site "Sombor"]
[Date "2009.09.29"]
[Round "4.6"]
[White "Krstic, Petar"]
[Black "Kolognat, Petar"]
[Result "1-0"]
[WhiteElo "2333"]
[BlackElo "2305"]
[PlyCount "61"]
[EventDate "2009.09.27"]

1. e4 e6 2. d4 d5 3. Nc3 dxe4 4. Nxe4 Nd7 5. Nf3 Ngf6 6. Nxf6+ Nxf6 7. Bg5 Be7
8. Bd3 c5 9. dxc5 Qa5+ 10. c3 Qxc5 11. Qe2 h6 12. Bh4 a6 13. O-O-O b5 14. Ne5
Bb7 15. f4 Rd8 16. Rhe1 O-O 17. g4 Nd5 18. Bg3 Nb4 19. Bb1 Bd5 20. a3 Nc6 21.
Bf2 Qd6 22. Rxd5 exd5 23. Nxc6 Qxc6 24. Qd3 g6 25. Rxe7 Qf6 26. Qe3 d4 27. Qe5
Qxe5 28. fxe5 dxc3 29. bxc3 Rfe8 30. Rxe8+ Rxe8 31. Bd4 1-0